Schedule of contract for carpenter's work, for the service of the Honourable Board of Ordnance at in the Dover district (Record no. 114886)

MARC details
000 -LEADER
fixed length control field 00631cam a22001935a 4500
001 - CONTROL NUMBER
control field L157639
008 - FIXED-LENGTH DATA ELEMENTS--GENERAL INFORMATION
fixed length control field 130213s1832 xxk f 000 0 eng d
035 ## - SYSTEM CONTROL NUMBER
System control number (Sirsi) u157639
041 0# - LANGUAGE CODE
Language code of text/sound track or separate title eng
110 2# - MAIN ENTRY--CORPORATE NAME
Corporate name or jurisdiction name as entry element Great Britain
Subordinate unit Board of Ordnance
9 (RLIN) 6107
245 00 - TITLE STATEMENT
Title Schedule of contract for carpenter's work, for the service of the Honourable Board of Ordnance at in the Dover district
260 ## - PUBLICATION, DISTRIBUTION, ETC.
Place of publication, distribution, etc. London
Name of publisher, distributor, etc. HMSO
Date of publication, distribution, etc. 1832
300 ## - PHYSICAL DESCRIPTION
Extent 1 v.
Dimensions 34 cm.
520 ## - SUMMARY, ETC.
Summary, etc. Standard form of contract.
583 ## - ACTION NOTE
Action Condition reviewed
Time/date of action 20120620
Status condition level 3
651 #4 - SUBJECT ADDED ENTRY--GEOGRAPHIC NAME
Geographic name Great Britain
Chronological subdivision 1707-
690 ## - LOCAL SUBJECT ADDED ENTRY--TOPICAL TERM (OCLC, RLIN)
Topical term or geographic name as entry element Contracts
9 (RLIN) 6232
942 ## - ADDED ENTRY ELEMENTS (KOHA)
Suppress in OPAC 0
Holdings
Withdrawn status Lost status Source of classification or shelving scheme Damaged status Not for loan Home library Current library Shelving location Date acquired Total Checkouts Full call number Barcode Date last seen Copy number Price effective from Koha item type
    Dewey Decimal Classification     Historic collection Historic collection Historic collection 13/02/2013   FOLIO 1832 BOARD 30077826 06/08/2019 1 06/08/2019 Book